| 000 -LEADER |
| fixed length control field |
00678nam a22001577a 4500 |
| 003 - CONTROL NUMBER IDENTIFIER |
| control field |
OSt |
| 005 - DATE AND TIME OF LATEST TRANSACTION |
| control field |
20151202145229.0 |
| 008 - FIXED-LENGTH DATA ELEMENTS--GENERAL INFORMATION |
| fixed length control field |
151202b xxu||||| |||| 00| 0 eng d |
| 040 ## - CATALOGING SOURCE |
| Transcribing agency |
RUA |
| 082 ## - DEWEY DECIMAL CLASSIFICATION NUMBER |
| Classification number |
FIS CHA 2002 B174 Or.1 |
| 100 ## - MAIN ENTRY--PERSONAL NAME |
| 9 (RLIN) |
4150 |
| Personal name |
CHAN, SOVATEPEAP. |
| 245 ## - TITLE STATEMENT |
| Title |
Compassion of hatching and survival fry (barbodes gonionotus) in circular and oval tanks, ការប្រៀបធៀបចំនួនកូនញាស់ និងរស់របស់ត្រីឆ្ពឹនក្នុងប្រព័ន្ធអាងមូល និងអាងពងក្រពើ |
| 260 ## - PUBLICATION, DISTRIBUTION, ETC. (IMPRINT) |
| Place of publication, distribution, etc. |
Phnom Penh |
| Name of publisher, distributor, etc. |
RUA |
| Date of publication, distribution, etc. |
2002 |
| 300 ## - PHYSICAL DESCRIPTION |
| Extent |
35p. |
| Other physical details |
ill. |
| Dimensions |
29cm. |
| 942 ## - ADDED ENTRY ELEMENTS (KOHA) |
| Source of classification or shelving scheme |
|
| Koha item type |
FIS |